| 000 | 00772nam a22002057a 4500 | ||
|---|---|---|---|
| 999 |
_c15487 _d15487 |
||
| 003 | AR-CdUCM | ||
| 008 | 190427b ||||| |||| 00| 0 spa d | ||
| 040 |
_aMUNICIPALIDAD PROVINCIAL DEL CUSCO _cBIBLIOTECA MUNICIPAL DEL CUSCO |
||
| 082 |
_a800.8 / _bJ89 / 1910 |
||
| 100 |
_aJunemann, Guillermo _99589 |
||
| 245 |
_aAntología Universal : _bDe los mayores genios literarios / |
||
| 260 |
_aAlemania : _bB. Herder, _c1910. |
||
| 300 |
_a531 páginas ; _bretrato, _c22 cm. |
||
| 505 | _aContenido: Literatura Hebrea -- Literatura Griega -- Literatura Latina -- Literatura Medieval -- Literatura Española -- Literatura Portuguesa ... | ||
| 650 |
_aLiteratura _983 |
||
| 650 |
_aSiglo XX _98 |
||
| 650 |
_aEuropa _91221 |
||
| 942 |
_2ddc _cLIBROS |
||
| 945 |
_aachl _d2019-04-27 |
||